<?xml version="1.0" encoding="UTF-8"?>
<record
    xmlns:xsi="http://www.w3.org/2001/XMLSchema-instance"
    xsi:schemaLocation="http://www.loc.gov/MARC21/slim http://www.loc.gov/standards/marcxml/schema/MARC21slim.xsd"
    xmlns="http://www.loc.gov/MARC21/slim">

  <leader>01482nam a2200205 a 4500</leader>
  <controlfield tag="008">180206e2001    sp ||||| |||| 00| f spa d</controlfield>
  <datafield tag="020" ind1=" " ind2=" ">
    <subfield code="a">8466302263</subfield>
  </datafield>
  <datafield tag="041" ind1=" " ind2=" ">
    <subfield code="a">spa</subfield>
  </datafield>
  <datafield tag="092" ind1=" " ind2=" ">
    <subfield code="c">808.8</subfield>
    <subfield code="l">30</subfield>
    <subfield code="s">GOR</subfield>
  </datafield>
  <datafield tag="100" ind1="1" ind2=" ">
    <subfield code="a">Gordon, Noah</subfield>
    <subfield code="9">3488</subfield>
  </datafield>
  <datafield tag="245" ind1=" " ind2="3">
    <subfield code="a">El &#xFA;ltimo judio.</subfield>
    <subfield code="b">El viaje inici&#xE1;tico de un judio en la Espa&#xF1;a de la inquisici&#xF3;n /</subfield>
    <subfield code="c">Noah Gordon</subfield>
  </datafield>
  <datafield tag="250" ind1=" " ind2=" ">
    <subfield code="a">1a ed.</subfield>
  </datafield>
  <datafield tag="260" ind1=" " ind2=" ">
    <subfield code="a">Madrid:</subfield>
    <subfield code="b">Punto de lectura;</subfield>
    <subfield code="c">2001.</subfield>
  </datafield>
  <datafield tag="300" ind1=" " ind2=" ">
    <subfield code="a">588 p.</subfield>
  </datafield>
  <datafield tag="500" ind1=" " ind2=" ">
    <subfield code="a">Gordon, N. (2001). El &#xFA;ltimo jud&#xED;o. El viaje inici&#xE1;tico de un jud&#xED;o en la Espa&#xF1;a de la inquisici&#xF3;n. (1a ed.). Madrid : Suma de Letras.</subfield>
  </datafield>
  <datafield tag="505" ind1=" " ind2=" ">
    <subfield code="a">"Solo delante de las casas abandonadas, Yonah se sent&#xF3; a la sombra de un pl&#xE1;tano. Traz&#xF3; distra&#xED;damente cuatro puntos en la tierra: uno representaba a los cristianos viejos de Espa&#xF1;a, otro a los moros y el tercero a los cristianos nuevos. El cuarto punto representaba a Yonah ben Helkias Toledano". El &#xFA;ltimo jud&#xED;o toma como punto de partida la expulsi&#xF3;n de los jud&#xED;os en la Espa&#xF1;a del siglo XV y como protagonista al joven Yonah Toledano. Cuando &#xE9;ste es separado de los &#xFA;nicos miembros de su famlia que quedan con vida, se ve forzado a buscar un nuevo lugar donde vivir sin tener que renunciar a sus creencias. As&#xED;, inicia un largo periplo por la Espa&#xF1;a de la Inquisici&#xF3;n, durante el cual tendr&#xE1; que recurrir a su ingenio para salvaguardar su secreto. </subfield>
  </datafield>
  <datafield tag="590" ind1=" " ind2=" ">
    <subfield code="a">DONACION MARIA VITARELLI DIC/2017.</subfield>
  </datafield>
  <datafield tag="655" ind1=" " ind2=" ">
    <subfield code="a">Literatura</subfield>
    <subfield code="9">2917</subfield>
  </datafield>
  <datafield tag="942" ind1=" " ind2=" ">
    <subfield code="2">ddc</subfield>
    <subfield code="c">LIT</subfield>
  </datafield>
  <datafield tag="999" ind1=" " ind2=" ">
    <subfield code="c">2631</subfield>
    <subfield code="d">2631</subfield>
  </datafield>
  <datafield tag="952" ind1=" " ind2=" ">
    <subfield code="0">0</subfield>
    <subfield code="1">0</subfield>
    <subfield code="2">ddc</subfield>
    <subfield code="4">0</subfield>
    <subfield code="7">0</subfield>
    <subfield code="a">BFM</subfield>
    <subfield code="b">BFM</subfield>
    <subfield code="c">CR</subfield>
    <subfield code="d">2018-02-06</subfield>
    <subfield code="e">Donacion</subfield>
    <subfield code="l">0</subfield>
    <subfield code="o">808.8 30 GOR</subfield>
    <subfield code="p">4148</subfield>
    <subfield code="r">2018-02-06</subfield>
    <subfield code="t">Ej. 1</subfield>
    <subfield code="w">2018-02-06</subfield>
    <subfield code="y">LIT</subfield>
    <subfield code="z">DONACION MARIA VITARELLI DIC/2017.</subfield>
  </datafield>
</record>
